000 00599nam a2200193 i 4500
001 130123
003 ES-MaACL
005 20231027063021.0
007 t|
008 070719s1955 sp ||||1| spa d
100 1 _aZweig, Stefan,
_d1881-1942
_9118562
245 1 0 _aBalzac /
_cStefan Zweig ; [traducción de Arístides Gamboa].
250 _a[1ª ed.].
260 _aBarcelona :
_bHispano Americana de Ediciones,
_c[1955] (
_fLa Académica)
300 _a585 p. ;
_c19 cm.
700 1 _aGamboa, Aristides.
_953763
852 _aES-MaACL
_jC-10516
_bR.38745
999 _c130123
_d130123